00435nam a2200157 a 4500001000500000005001700005008004100022020001800063050001800081100001600099245007600115260003600191300003500227521000700262526000800269411020140428131601.0090202s19uu xx 00 eng d a0-7868-3746-2 aER bD65 2006 aWillems, Mo aDon't let the pigeon stay up late! /cwords and pictures by Mo Willems. aNew York :bScholastic,cc2006. a48 p. :b col. ill. ; c23 cm. aG1 c270